| 000 | 00238nam a22000857a 4500 | ||
|---|---|---|---|
| 999 |
_c23471 _d23471 |
||
| 003 | Nust | ||
| 005 | 20170519122153.0 | ||
| 008 | 131101b xxu||||| |||| 00| 0 eng d | ||
| 020 | _cAvailable | ||
| 040 |
_aDLC _bDLC _cRCMS |
||
| 082 |
_23rd,ed. _a311.21 COC |
||
| 100 |
_aCochran, William Gemmell. _91209 |
||
| 245 |
_aSampling techniques _cWilliam Gemmell, Cochran. |
||
| 250 | _a3rd,ed. | ||
| 260 |
_aIslamabad _bNational Book Foundation _cc1963. |
||
| 300 |
_axvi, 428 p. : _bill. ; _c24 cm. |
||
| 500 | _aIncludes bibliographical references and index | ||
| 538 | _iShelf # 13, Row # 2, Fiction. | ||
| 650 |
_aSampling (Statistics) _91210 |
||
| 856 | _3Table of Content Only | ||
| 942 |
_2ddc _cFIC |
||